[Event "Gausdal Bygger'n Masters"]
[Site "Gausdal NOR"]
[Date "2005.10.08"]
[Round "8.25"]
[White "Nordstrom, Felix"]
[Black "Seret, Jean-Luc"]
[Result "0-1"]
[WhiteElo "2184"]
[BlackElo "2391"]
[PlyCount "215"]
[EventDate "2005.10.01"]
[EventType "swiss"]
[EventRounds "9"]
[EventCountry "NOR"]
[Source "lmi"]
[SourceDate "2005.10.05"]

1. d4 d6 2. e4 Nf6 3. f3 g6 4. Be3 Nbd7 5. c4 c6 6. Nc3 Bg7 7. Bd3 O-O 8. Nge2
a6 9. O-O b5 10. Qd2 bxc4 11. Bxc4 d5 12. Bb3 dxe4 13. Nxe4 Nd5 14. Bf2 a5 15.
Rac1 a4 16. Bc4 Qb6 17. N2c3 e6 18. b3 axb3 19. axb3 Qa5 20. Rfd1 N5b6 21. Nd6
Qa3 22. Nxc8 Rfxc8 23. Ne4 Nd5 24. g3 Bf8 25. Kg2 Kg7 26. h4 Bb4 27. Qd3 Qb2
28. Rc2 Qa3 29. Rcc1 Be7 30. h5 Qb4 31. hxg6 hxg6 32. Ra1 Qb6 33. Rh1 Rxa1 34.
Rxa1 Rh8 35. Ra4 Qc7 36. Qd2 N7b6 37. Ra2 Nb4 38. Ra1 N6d5 39. Rh1 Rxh1 40.
Kxh1 Qa5 41. Kg2 Qa1 42. Nc5 Qb1 43. Nd3 Nxd3 44. Qxd3 Qb2 45. Qe2 Qc3 46. Qd3
Qb4 47. Qe4 Bf6 48. Qd3 Kf8 49. Qe4 Qd2 50. Qd3 Qb2 51. Qe4 Kg7 52. Qd3 Nb4 53.
Qe2 Bxd4 54. Qxb2 Bxb2 55. Bc5 Nd5 56. Kf2 Kf6 57. f4 g5 58. Kf3 gxf4 59. gxf4
Bc3 60. Bd6 Kg7 61. Ke4 f5+ 62. Kf3 Kf7 63. Ke2 Ke8 64. Kd3 Kd7 65. Bb8 Bb2 66.
Ke2 Bc1 67. Kf3 Ba3 68. Ba7 Kc7 69. Be3 Kd6 70. Bd2 Bc5 71. Bc1 Kc7 72. Kg3 Kd6
73. Kf3 Nb6 74. Ba6 Kd5 75. Bb7 Bb4 76. Bb2 Bd2 77. Ba3 Bc3 78. Bc1 Bd4 79. Ba3
Bc5 80. Bc1 Kd6 81. Bd2 Kc7 82. Ba6 Nd5 83. Bc4 Kb6 84. Kg3 Bd6 85. Kh4 Kc5 86.
Kg3 Kd4 87. Kf3 Ba3 88. Ba6 Bb4 89. Bc1 Kc3 90. Bc4 Kc2 91. Be3 Bd2 92. Bxd2
Kxd2 93. Ba6 Kc3 94. Bc4 Kb4 95. Kg3 Kc5 96. Kf3 Kd6 97. Ba6 Nb6 98. Kg3 Nd7
99. Kh4 Nc5 100. Bc4 Ne4 101. b4 Nc3 102. Kg5 Nd5 103. b5 Nb6 104. Be2 c5 105.
Kf6 c4 106. Kf7 c3 107. Bd3 Nd5 108. Bc4 0-1

[Event "Gausdal Bygger'n Masters"]
[Site "Gausdal NOR"]
[Date "2005.10.08"]
[Round "8.26"]
[White "Westerinen, Heikki M.J"]
[Black "Antic, Dejan"]
[Result "0-1"]
[WhiteElo "2410"]
[BlackElo "2519"]
[PlyCount "120"]
[EventDate "2005.10.01"]
[EventType "swiss"]
[EventRounds "9"]
[EventCountry "NOR"]
[Source "lmi"]
[SourceDate "2005.10.05"]

1. e4 c5 2. Nf3 e6 3. Nc3 a6 4. g3 b5 5. d4 cxd4 6. Nxd4 Bb7 7. Bg2 Nf6 8. Bg5
b4 9. Nd5 exd5 10. e5 Qe7 11. Qe2 h6 12. Nf5 Qe6 13. exf6 Qxe2+ 14. Kxe2 g6 15.
Ng7+ Kd8 16. Be3 a5 17. g4 Ra6 18. g5 hxg5 19. Bxg5 Bd6 20. f4 Rc6 21. Kd2 Rc4
22. Raf1 Na6 23. h4 Nc5 24. f5 gxf5 25. Nxf5 Be5 26. Ne3 Ne4+ 27. Kc1 Rc5 28.
Ng4 Bc7 29. Nh6 Ke8 30. Rf5 Rc4 31. Bf1 Rc6 32. Bb5 Re6 33. Rf3 d4 34. Rhf1
Nxg5 35. hxg5 Bxf3 36. Rxf3 Re5 37. Bc4 d5 38. Bb5+ Kf8 39. Nf5 Rh5 40. Ng7 Rh2
41. Rf1 Rxg5 42. Bd3 Be5 43. Nf5 Rhg2 44. Rf3 Rg1+ 45. Kd2 Bxf6 46. Bf1 Be5 47.
Kd3 R5g4 48. Be2 Re4 49. Rf2 Rh1 50. Bf1 Re1 51. Be2 Ra1 52. b3 Rxa2 53. Bf3
Rh3 54. Nxd4 a4 55. bxa4 Rxa4 56. Nb3 Ra7 57. Nc1 Rc7 58. Ne2 Rc6 59. Kd2 Rf6
60. Bg2 Bc3+ 0-1

[Event "Gausdal Bygger'n Masters"]
[Site "Gausdal NOR"]
[Date "2005.10.09"]
[Round "9.2"]
[White "Thomassen, Joachim"]
[Black "Fossum, Oystein Boyum"]
[Result "1/2-1/2"]
[WhiteElo "1963"]
[BlackElo "2247"]
[PlyCount "31"]
[EventDate "2005.10.01"]
[EventType "swiss"]
[EventRounds "9"]
[EventCountry "NOR"]
[Source "lmi"]
[SourceDate "2005.10.05"]

1. Nf3 c5 2. c4 Nf6 3. Nc3 d5 4. cxd5 Nxd5 5. g3 Nc7 6. Bg2 Nc6 7. O-O g6 8. d3
Bg7 9. Be3 Ne6 10. Qd2 Rb8 11. Rac1 O-O 12. Ne4 b6 13. Bh6 Ned4 14. Nxd4 Nxd4
15. Bxg7 Kxg7 16. e3 1/2-1/2

[Event "Gausdal Bygger'n Masters"]
[Site "Gausdal NOR"]
[Date "2005.10.09"]
[Round "9.4"]
[White "Richards, Heather"]
[Black "Pettersen, Joar Gullestad"]
[Result "1-0"]
[WhiteElo "2239"]
[BlackElo "2050"]
[PlyCount "43"]
[EventDate "2005.10.01"]
[EventType "swiss"]
[EventRounds "9"]
[EventCountry "NOR"]
[Source "lmi"]
[SourceDate "2005.10.05"]

1. e4 e5 2. Nc3 Nf6 3. g3 Nc6 4. Bg2 Bc5 5. Nge2 Nd4 6. h3 d6 7. Na4 Be6 8. d3
Qd7 9. Nxc5 dxc5 10. f4 exf4 11. Nxf4 O-O-O 12. Be3 Qb5 13. O-O Qxb2 14. c4 Qc2
15. Qe1 h5 16. e5 Nd7 17. Bxd4 cxd4 18. Qa5 Nb6 19. Qxa7 Qa4 20. Qxb7+ Kd7 21.
Nxe6 Kxe6 22. Qxc7 1-0

[Event "Gausdal Bygger'n Masters"]
[Site "Gausdal NOR"]
[Date "2005.10.09"]
[Round "9.5"]
[White "Bjorgvik, Jan Arne"]
[Black "Hobber, Anders"]
[Result "1-0"]
[WhiteElo "2119"]
[BlackElo "1915"]
[PlyCount "69"]
[EventDate "2005.10.01"]
[EventType "swiss"]
[EventRounds "9"]
[EventCountry "NOR"]
[Source "lmi"]
[SourceDate "2005.10.05"]

1. e4 e5 2. Nf3 Nf6 3. Nxe5 d6 4. Nf3 Nxe4 5. Nc3 Nxc3 6. dxc3 Be7 7. Bd3 O-O
8. O-O Nd7 9. Be3 Bf6 10. Re1 Ne5 11. Nxe5 Bxe5 12. Bd4 Bxd4 13. cxd4 Qf6 14.
c3 Bf5 15. Re3 Bxd3 16. Qxd3 Rfe8 17. Rae1 Rxe3 18. Rxe3 Qg6 19. Qxg6 hxg6 20.
Kf1 Kf8 21. Ke2 Re8 22. c4 c6 23. Kd3 Rxe3+ 24. fxe3 f5 25. e4 Ke7 26. h4 fxe4+
27. Kxe4 Ke6 28. Kf4 b6 29. b4 a6 30. a4 d5 31. c5 bxc5 32. bxc5 Kf6 33. a5 Ke7
34. Kg5 Kf7 35. g4 1-0

[Event "Gausdal Bygger'n Masters"]
[Site "Gausdal NOR"]
[Date "2005.10.09"]
[Round "9.6"]
[White "Hammer, Jon Ludvig"]
[Black "Westerinen, Heikki M.J"]
[Result "1/2-1/2"]
[WhiteElo "2278"]
[BlackElo "2410"]
[PlyCount "43"]
[EventDate "2005.10.01"]
[EventType "swiss"]
[EventRounds "9"]
[EventCountry "NOR"]
[Source "lmi"]
[SourceDate "2005.10.05"]

1. e4 e6 2. Nf3 d5 3. Nc3 Nf6 4. e5 Nfd7 5. d4 c5 6. dxc5 Nc6 7. Bf4 Bxc5 8.
Bd3 Be7 9. h4 Nc5 10. a3 Bd7 11. Rh3 Qb6 12. Rb1 Rc8 13. Rg3 g6 14. h5 Nxd3+
15. Qxd3 Qa6 16. Ne2 Qxd3 17. cxd3 gxh5 18. Rh3 f6 19. Rxh5 O-O 20. g3 Be8 21.
Rh2 Bg6 22. Kd2 1/2-1/2

[Event "Gausdal Bygger'n Masters"]
[Site "Gausdal NOR"]
[Date "2005.10.09"]
[Round "9.7"]
[White "Vea, Odin Blikra"]
[Black "Ferkingstad, Sjur"]
[Result "0-1"]
[WhiteElo "2090"]
[BlackElo "2239"]
[PlyCount "90"]
[EventDate "2005.10.01"]
[EventType "swiss"]
[EventRounds "9"]
[EventCountry "NOR"]
[Source "lmi"]
[SourceDate "2005.10.05"]

1. e4 e6 2. d4 d5 3. Nd2 Nf6 4. e5 Nfd7 5. Bd3 c5 6. c3 Nc6 7. Ne2 cxd4 8. cxd4
f6 9. exf6 Qxf6 10. Nf3 h6 11. Bf4 Bb4+ 12. Kf1 O-O 13. Qb3 Qe7 14. Rd1 Bd6 15.
Bg3 Nf6 16. Ne5 Bxe5 17. dxe5 Ng4 18. Bb1 Ngxe5 19. Nf4 Qf6 20. Qc2 b6 21. h4
Kf7 22. Nh5 Ba6+ 23. Kg1 Qg6 24. Bxe5 Qxc2 25. Bxc2 Nxe5 26. f4 Be2 27. Re1
Bxh5 28. Rxe5 Rfc8 29. Bb3 Rc1+ 30. Kh2 Rxh1+ 31. Kxh1 Bg4 32. Rxd5 exd5 33.
Bxd5+ Be6 34. Bxa8 Bxa2 35. Kg1 a5 36. Kf2 Ke6 37. g4 Bd5 38. f5+ Ke5 39. Bxd5
Kxd5 40. g5 h5 41. Kf3 Ke5 42. f6 gxf6 43. gxf6 Kxf6 44. Kf4 b5 45. Ke4 a4 0-1

[Event "Gausdal Bygger'n Masters"]
[Site "Gausdal NOR"]
[Date "2005.10.09"]
[Round "9.8"]
[White "Strand, Haakon"]
[Black "Jacobsen, Maria Pitz"]
[Result "1-0"]
[WhiteElo "1986"]
[BlackElo "1336"]
[PlyCount "53"]
[EventDate "2005.10.01"]
[EventType "swiss"]
[EventRounds "9"]
[EventCountry "NOR"]
[Source "lmi"]
[SourceDate "2005.10.05"]

1. e4 e5 2. Nf3 Nc6 3. Bc4 Bc5 4. d4 exd4 5. c3 dxc3 6. Bxf7+ Kxf7 7. Qd5+ Ke8
8. Qh5+ g6 9. Qxc5 cxb2 10. Bxb2 Nf6 11. e5 Nh5 12. O-O Rf8 13. Ba3 Rf7 14.
Nbd2 b6 15. Qc3 Bb7 16. Ne4 Nf4 17. Nf6+ Qxf6 18. Rfe1 Qf5 19. e6 dxe6 20. Rad1
Qf6 21. Qc4 Na5 22. Qxf4 Bxf3 23. Qxf3 Rb8 24. Qd5 Qxf2+ 25. Kh1 c5 26. Qxe6+
Kf8 27. Qd6+ 1-0

[Event "Gausdal Bygger'n Masters"]
[Site "Gausdal NOR"]
[Date "2005.10.09"]
[Round "9.11"]
[White "Kvisla, Johannes Luangtep"]
[Black "Haugstad, Espen"]
[Result "1/2-1/2"]
[WhiteElo "2123"]
[BlackElo "1607"]
[PlyCount "73"]
[EventDate "2005.10.01"]
[EventType "swiss"]
[EventRounds "9"]
[EventCountry "NOR"]
[Source "lmi"]
[SourceDate "2005.10.05"]

1. d4 Nf6 2. c4 g6 3. Nc3 d5 4. cxd5 Nxd5 5. h4 h5 6. e4 Nxc3 7. bxc3 Bg7 8.
Bc4 c5 9. Ne2 O-O 10. Be3 Nc6 11. Qd2 cxd4 12. cxd4 Re8 13. Rd1 Na5 14. Bd3 b6
15. f3 e5 16. d5 Bd7 17. Rc1 Nb7 18. Kf2 Bf6 19. g3 Be7 20. Kg2 Bc5 21. Nc3 Qe7
22. Nb5 Bxb5 23. Bxb5 Red8 24. Bh6 f6 25. Bc6 Rac8 26. Qe2 Na5 27. Bb5 Nb7 28.
Bc4 Kh7 29. Bd2 Bb4 30. Be3 Bc5 31. Bd2 Bb4 32. Be3 Bc5 33. Ba6 Bxe3 34. Qxe3
Kg7 35. Bxb7 Qxb7 36. Qa3 Qd7 37. Rhd1 1/2-1/2

[Event "Gausdal Bygger'n Masters"]
[Site "Gausdal NOR"]
[Date "2005.10.09"]
[Round "9.13"]
[White "Breivik, Lars"]
[Black "Gilbert, Jessie"]
[Result "1-0"]
[WhiteElo "2236"]
[BlackElo "2148"]
[PlyCount "81"]
[EventDate "2005.10.01"]
[EventType "swiss"]
[EventRounds "9"]
[EventCountry "NOR"]
[Source "lmi"]
[SourceDate "2005.10.05"]

1. d4 Nf6 2. Nf3 e6 3. e3 d5 4. Bd3 c5 5. b3 Nc6 6. Bb2 Bd6 7. Nbd2 Qe7 8. c4
cxd4 9. exd4 Ba3 10. Bxa3 Qxa3 11. O-O dxc4 12. Nxc4 Qe7 13. Nce5 Bd7 14. Rc1
Rd8 15. Qe2 Nd5 16. Be4 f6 17. Nd3 Bc8 18. Rfe1 g5 19. Bxd5 Rxd5 20. Qe4 Qd6
21. Nb4 O-O 22. Nxd5 exd5 23. Qe2 Bg4 24. h3 Bxf3 25. Qxf3 Nxd4 26. Qg4 Nc6 27.
Re6 Qd7 28. Rxf6 Qxg4 29. Rxf8+ Kxf8 30. hxg4 d4 31. Kf1 Ke7 32. Rc5 h6 33. a3
a5 34. Ke2 Kd6 35. Rb5 Kc7 36. Kd3 b6 37. Rf5 Kd6 38. f3 Ke6 39. Rb5 Ne5+ 40.
Kxd4 Nd7 41. g3 1-0

[Event "Gausdal Bygger'n Masters"]
[Site "Gausdal NOR"]
[Date "2005.10.09"]
[Round "9.14"]
[White "Nilsen, Jarle"]
[Black "Sjol, Henrik"]
[Result "1-0"]
[WhiteElo "1632"]
[BlackElo "1656"]
[PlyCount "99"]
[EventDate "2005.10.01"]
[EventType "swiss"]
[EventRounds "9"]
[EventCountry "NOR"]
[Source "lmi"]
[SourceDate "2005.10.05"]

1. d4 Nf6 2. Nf3 e6 3. Bf4 b6 4. e3 Bb7 5. Bd3 c5 6. c3 Nc6 7. Nbd2 d5 8. Rc1
Bd6 9. Ne5 Bxe5 10. dxe5 Nd7 11. Nf3 f6 12. exf6 Nxf6 13. O-O Qe7 14. Bb5 O-O
15. Ne5 Nxe5 16. Bxe5 Nd7 17. Bxd7 Qxd7 18. Qg4 Qf7 19. f4 Ba6 20. Rfd1 Rad8
21. Rd2 Rd7 22. Rcd1 Rfd8 23. b3 Bb5 24. Rf2 Qf5 25. Qf3 Qg6 26. Rfd2 Qf7 27.
g4 Bc6 28. h4 Bb7 29. Qh3 Qg6 30. h5 Qe4 31. g5 Qf5 32. Qxf5 exf5 33. Kf2 g6
34. Kg3 Bc6 35. hxg6 hxg6 36. Rh2 Bb5 37. Kf2 Bc6 38. Rdh1 Bb5 39. Bf6 Rf8 40.
Rh6 Kf7 41. Rh7+ Kg8 42. Rxd7 Bxd7 43. Rh8+ Kf7 44. Rh7+ Ke6 45. Rg7 Rf7 46.
Rxg6 Rh7 47. Be5+ Ke7 48. Rh6 Rf7 49. g6 Rf8 50. Bd6+ 1-0

[Event "Gausdal Bygger'n Masters"]
[Site "Gausdal NOR"]
[Date "2005.10.09"]
[Round "9.15"]
[White "Reppen, Sigmund"]
[Black "Nordstrom, Felix"]
[Result "1/2-1/2"]
[WhiteElo "1916"]
[BlackElo "2184"]
[PlyCount "102"]
[EventDate "2005.10.01"]
[EventType "swiss"]
[EventRounds "9"]
[EventCountry "NOR"]
[Source "lmi"]
[SourceDate "2005.10.05"]

1. e4 c6 2. d4 d5 3. Nc3 dxe4 4. Nxe4 Nd7 5. Nf3 Ngf6 6. Ng3 e6 7. Bc4 c5 8.
Be3 Qb6 9. O-O cxd4 10. Bxd4 Bc5 11. Re1 O-O 12. Bxc5 Nxc5 13. Qd4 Rd8 14. Qh4
Bd7 15. b3 Bb5 16. Bxb5 Qxb5 17. Re5 Qc6 18. Nh5 Ncd7 19. Rg5 Nxh5 20. Qxh5
Qxc2 21. Re1 Nf6 22. Qh6 g6 23. Qh4 Kg7 24. Rge5 Rd1 25. Qb4 Rxe1+ 26. Rxe1 Qc7
27. Qd4 Qe7 28. Rd1 Kg8 29. a4 a6 30. h3 Rc8 31. Qh4 Rc7 32. Ne5 Nd5 33. Qd4
Qf6 34. Nc4 Qxd4 35. Rxd4 b5 36. axb5 axb5 37. Nd6 b4 38. Nc4 Ra7 39. Ne3 Nxe3
40. fxe3 Rb7 41. Kf2 Kf8 42. Rh4 h5 43. Rd4 Ke7 44. Kf3 e5 45. Rc4 Kd6 46. g3
f5 47. Kf2 Kd5 48. Ke2 g5 49. Kf2 Rb6 50. h4 g4 51. Kf1 Rb5 1/2-1/2

[Event "Gausdal Bygger'n Masters"]
[Site "Gausdal NOR"]
[Date "2005.10.09"]
[Round "9.16"]
[White "Johansson, Per"]
[Black "Svensen, Tarjei J"]
[Result "0-1"]
[WhiteElo "2005"]
[BlackElo "2112"]
[PlyCount "124"]
[EventDate "2005.10.01"]
[EventType "swiss"]
[EventRounds "9"]
[EventCountry "NOR"]
[Source "lmi"]
[SourceDate "2005.10.05"]

1. d4 d5 2. Nf3 Nf6 3. c4 e6 4. g3 c6 5. Qc2 Nbd7 6. Bg2 Bd6 7. O-O O-O 8. Nbd2
Re8 9. e4 dxe4 10. Nxe4 Nxe4 11. Qxe4 e5 12. dxe5 Nxe5 13. Ng5 Ng6 14. Qc2 h6
15. Nf3 Qf6 16. Be3 Bf5 17. Qb3 Be4 18. Bd4 Qf5 19. Qc3 f6 20. Nd2 Bxg2 21.
Kxg2 Qg4 22. Kh1 c5 23. Be3 Re5 24. Qb3 b6 25. Qd1 Qh3 26. Qf3 Rae8 27. Qg2 Qe6
28. Nf3 Rh5 29. b3 Ne5 30. Nxe5 Rxe5 31. Rad1 Re4 32. Rd5 f5 33. Qf3 f4 34.
gxf4 Qf6 35. Qh5 Bxf4 36. Bxf4 Qxf4 37. Rf5 Qc7 38. Qf3 Rh4 39. Qg3 Qc6+ 40.
Rd5 Rh5 41. Qd6 Qxd6 42. Rxd6 Re2 43. Rg6 Rxa2 44. Rfg1 Rg5 45. R6xg5 hxg5 46.
Rxg5 Rxf2 47. Rg3 Kf7 48. Rd3 Ke7 49. Rg3 Kf6 50. Rd3 Re2 51. Rd6+ Re6 52. Rd7
Re3 53. Rxa7 Rxb3 54. Rb7 Rb2 55. h4 Kg6 56. Rb8 Kh5 57. Rh8+ Kg4 58. Rg8 Kxh4
59. Rxg7 Rb4 60. Rg6 Kh5 61. Rd6 Kg4 62. Kg2 Kf4 0-1

[Event "Gausdal Bygger'n Masters"]
[Site "Gausdal NOR"]
[Date "2005.10.09"]
[Round "9.17"]
[White "Aarland, Stein Arild"]
[Black "Bentsen, Oyvind"]
[Result "1/2-1/2"]
[WhiteElo "2278"]
[BlackElo "2146"]
[PlyCount "210"]
[EventDate "2005.10.01"]
[EventType "swiss"]
[EventRounds "9"]
[EventCountry "NOR"]
[Source "lmi"]
[SourceDate "2005.10.05"]

1. c4 g6 2. g3 Bg7 3. Bg2 Nf6 4. Nc3 d6 5. e4 O-O 6. Nge2 e5 7. O-O Be6 8. d3
c6 9. f4 Ng4 10. f5 Qb6+ 11. c5 Qxc5+ 12. d4 exd4 13. Na4 Qa5 14. fxe6 b5 15.
exf7+ Rxf7 16. Rxf7 Kxf7 17. Qb3+ d5 18. Bg5 d3 19. Qxd3 Ne5 20. Qa3 h6 21.
Qe7+ Kg8 22. Bf6 Bxf6 23. Qxf6 Nbd7 24. Qe6+ Kh7 25. Nc5 Nxc5 26. Qxe5 Nd3 27.
Qc3 Qb6+ 28. Qd4 Nxb2 29. Qxb6 axb6 30. exd5 c5 31. Rb1 Nc4 32. Rxb5 Rxa2 33.
Kf2 Kg7 34. Bf1 Kf6 35. g4 Ke5 36. Bg2 h5 37. gxh5 gxh5 38. Rb3 Ra3 39. Rb1 h4
40. h3 Ra2 41. Bf3 Ra3 42. Rg1 Nd2 43. Bg2 b5 44. d6 Rd3 45. Bc6 Kxd6 46. Bxb5
c4 47. Rg4 Rxh3 48. Bxc4 Rf3+ 49. Ke1 Nxc4 50. Rxc4 h3 51. Rh4 Ra3 52. Rh5 Rb3
53. Kf2 Ra3 54. Nf4 h2 55. Rxh2 Ke5 56. Ne2 Ke4 57. Rh4+ Ke5 58. Rb4 Kd5 59.
Nc1 Rc3 60. Ne2 Ra3 61. Ng3 Ke5 62. Nf1 Rd3 63. Ke2 Rd4 64. Rb5+ Ke4 65. Rh5
Rd8 66. Rh4+ Ke5 67. Ke3 Ra8 68. Rh5+ Ke6 69. Nd2 Ra3+ 70. Kf4 Ra1 71. Re5+ Kd6
72. Ne4+ Kc6 73. Rc5+ Kd7 74. Ke5 Re1 75. Rc2 Re3 76. Rd2+ Ke7 77. Rh2 Kd7 78.
Rh6 Re1 79. Rd6+ Ke7 80. Rd4 Re2 81. Rd1 Re3 82. Rh1 Kd7 83. Rh7+ Kc6 84. Rh6+
Kd7 85. Kd4 Re1 86. Nc5+ Ke7 87. Kd5 Rd1+ 88. Ke5 Re1+ 89. Ne4 Kd7 90. Rd6+ Ke7
91. Rd2 Re3 92. Kd5 Re1 93. Rh2 Rd1+ 94. Ke5 Kd7 95. Rh6 Re1 96. Ra6 Re2 97.
Kd5 Kc7 98. Rc6+ Kd7 99. Re6 Kc7 100. Re7+ Kb6 101. Re8 Re1 102. Rb8+ Kc7 103.
Rb5 Rd1+ 104. Kc4 Rc1+ 105. Nc3 Rc2 1/2-1/2

[Event "Gausdal Bygger'n Masters"]
[Site "Gausdal NOR"]
[Date "2005.10.09"]
[Round "9.18"]
[White "Agdestein, Emil"]
[Black "Lie, Terje"]
[Result "1-0"]
[WhiteElo "2057"]
[BlackElo "1178"]
[PlyCount "183"]
[EventDate "2005.10.01"]
[EventType "swiss"]
[EventRounds "9"]
[EventCountry "NOR"]
[Source "lmi"]
[SourceDate "2005.10.05"]

1. e4 d6 2. Nc3 Nf6 3. Bc4 Nc6 4. d3 g6 5. f4 Bg4 6. Nge2 Bg7 7. O-O Nd4 8. h3
Nxe2+ 9. Nxe2 Bd7 10. Qe1 c5 11. Kh1 Bc6 12. Ng1 Qc7 13. Nf3 h6 14. a4 d5 15.
exd5 Nxd5 16. Ne5 e6 17. Nxc6 bxc6 18. f5 Qe5 19. Qa5 Qd6 20. fxe6 fxe6 21. Qa6
Qc7 22. Bxd5 exd5 23. Bf4 Qb6 24. Rae1+ Kd7 25. Qxb6 axb6 26. b3 Rae8 27. g4 h5
28. Kg2 Bc3 29. Rxe8 Rxe8 30. Bg3 Re2+ 31. Rf2 Rd2 32. Rxd2 Bxd2 33. Kf3 b5 34.
Bf4 Be1 35. Be3 d4 36. Bh6 Ke6 37. gxh5 gxh5 38. Ke4 Bb4 39. Bf8 Kf6 40. Bd6
Ke6 41. Bc7 Be1 42. Bb6 bxa4 43. bxa4 Kd6 44. a5 c4 45. a6 cxd3 46. cxd3 c5 47.
a7 Kc6 48. a8=Q+ Kxb6 49. Kd5 Bb4 50. Qb8+ Ka5 51. Kc4 Ka6 52. Qb5+ Ka7 53. Kd5
Ba5 54. Ke5 Bb6 55. Kf5 h4 56. Kg4 Kb7 57. Kxh4 Kc7 58. Kg4 Ba7 59. Kf5 Kd6 60.
h4 c4 61. dxc4 Bc5 62. Qa4 Bb6 63. Kf4 Bc5 64. Qd1 Kc6 65. Ke4 d3 66. Kf3 Be7
67. h5 Kc5 68. Qxd3 Kb4 69. h6 Bf8 70. h7 Bg7 71. Qd5 Bh8 72. Kg2 Bg7 73. Kh1
Bh8 74. Kg2 Bg7 75. Kh1 Bh8 76. c5 Kb5 77. Kh2 Bf6 78. Kg2 Bh8 79. Kg1 Bf6 80.
Kh1 Bh8 81. Qd6 Bc3 82. Qb6+ Kc4 83. c6 Bh8 84. Qa6+ Kc5 85. c7 Kd5 86. c8=N
Be5 87. Ne7+ Ke4 88. Qa4+ Kf3 89. Ng6 Bg7 90. Nh4+ Ke2 91. Nf5 Bf6 92. Qa6+ 1-0

[Event "Gausdal Bygger'n Masters"]
[Site "Gausdal NOR"]
[Date "2005.10.09"]
[Round "9.19"]
[White "Seret, Jean-Luc"]
[Black "Hole, Oystein"]
[Result "0-1"]
[WhiteElo "2391"]
[BlackElo "2336"]
[PlyCount "184"]
[EventDate "2005.10.01"]
[EventType "swiss"]
[EventRounds "9"]
[EventCountry "NOR"]
[Source "lmi"]
[SourceDate "2005.10.05"]

1. e4 c6 2. d3 d5 3. Nd2 e5 4. Ngf3 Bd6 5. g3 Nf6 6. Bg2 O-O 7. O-O Qc7 8. Re1
Re8 9. c3 dxe4 10. dxe4 Nbd7 11. Qc2 Bf8 12. a3 a5 13. b3 a4 14. b4 c5 15. Qd3
Nb6 16. Bb2 Bd7 17. Qe2 Rad8 18. Bf1 c4 19. h3 Bb5 20. Qe3 Nc8 21. Rad1 Ba6 22.
Nh2 b5 23. Ng4 Nxg4 24. hxg4 Bb7 25. Bc1 Qc6 26. f3 Qg6 27. Kg2 Be7 28. Be2 Rd7
29. Nf1 Red8 30. Rxd7 Rxd7 31. Rd1 Rxd1 32. Bxd1 h6 33. Qf2 Qd6 34. Be2 Bd8 35.
Be3 Bb6 36. Bxb6 Nxb6 37. Qe3 Kh7 38. Qc1 g6 39. Qe3 Kg7 40. Kf2 Nd7 41. Ke1
Qe6 42. Qd2 Nf6 43. Ne3 h5 44. g5 Nd7 45. Bf1 Qe7 46. Bh3 Nb6 47. Kf2 Bc8 48.
Bxc8 Nxc8 49. Nd5 Qd7 50. Qe2 Qh3 51. Qf1 Qd7 52. Ke3 Ne7 53. Nf6 Qa7+ 54. Ke2
Ng8 55. Qd1 Nxf6 56. gxf6+ Kxf6 57. Qd6+ Kg7 58. Qxe5+ Kg8 59. Qxb5 Qg1 60.
Qe8+ Kg7 61. Qe5+ Kg8 62. Qb8+ Kg7 63. Qe5+ Kg8 64. Qd4 Qxg3 65. b5 h4 66. Qf2
Qe5 67. Qxh4 Qxb5 68. Qd8+ Kg7 69. Qd4+ f6 70. Ke3 Qg5+ 71. Ke2 Qc1 72. Qxc4
Qxa3 73. Kd3 Qa1 74. Qb4 Qd1+ 75. Ke3 Qc1+ 76. Kd4 a3 77. Qe7+ Kh6 78. Qxf6
Qg1+ 79. Kc4 a2 80. Qh8+ Kg5 81. Qd8+ Kf4 82. Qf6+ Kg3 83. Qxg6+ Kf2 84. Qb6+
Kg2 85. Qg6+ Kf1 86. Qa6 Qg8+ 87. Kd4+ Kf2 88. Kd3 Qb3 89. Qa7+ Kf1 90. Qa6 Qb2
91. Ke3+ Ke1 92. Qf6 Qd2# 0-1

[Event "Gausdal Bygger'n Masters"]
[Site "Gausdal NOR"]
[Date "2005.10.09"]
[Round "9.20"]
[White "Hansen, Torbjorn Ringdal"]
[Black "Svendsen, Bertil"]
[Result "1-0"]
[WhiteElo "2323"]
[BlackElo "2205"]
[PlyCount "103"]
[EventDate "2005.10.01"]
[EventType "swiss"]
[EventRounds "9"]
[EventCountry "NOR"]
[Source "lmi"]
[SourceDate "2005.10.05"]

1. c4 e5 2. Nc3 Nf6 3. Nf3 Nc6 4. e3 Bb4 5. Qc2 Bxc3 6. Qxc3 Qe7 7. a3 d5 8.
cxd5 Nxd5 9. Qb3 Nb6 10. d3 a5 11. Bd2 O-O 12. Be2 Rd8 13. Rc1 a4 14. Qc3 f6
15. O-O Be6 16. h3 Rd7 17. e4 Rad8 18. Qc5 Qf7 19. Be3 Rd6 20. Nh4 g5 21. Nf3
R8d7 22. Qb5 Na7 23. Qa5 Nc6 24. Qe1 Rd8 25. Bc5 R6d7 26. Qc3 g4 27. Nh4 gxh3
28. g3 Qg7 29. Kh2 Ne7 30. Rcd1 Ng6 31. Rg1 Kh8 32. Be3 Rg8 33. d4 Bb3 34. Nf5
Qf8 35. Rd2 Be6 36. Nh6 Rgg7 37. d5 Bxd5 38. exd5 Nxd5 39. Qc5 Nxe3 40. Qxe3
Nf4 41. Rxd7 Rxd7 42. gxf4 Qxh6 43. Bc4 Rd8 44. fxe5 Qxe3 45. fxe3 fxe5 46.
Kxh3 h6 47. Bb5 Rf8 48. Kg2 Ra8 49. Kf3 c6 50. Bd3 Rd8 51. Ke4 Rd5 52. Rg6 1-0

[Event "Gausdal Bygger'n Masters"]
[Site "Gausdal NOR"]
[Date "2005.10.09"]
[Round "9.21"]
[White "Brynell, Stellan"]
[Black "Hauchard, Arnaud"]
[Result "1/2-1/2"]
[WhiteElo "2496"]
[BlackElo "2483"]
[PlyCount "56"]
[EventDate "2005.10.01"]
[EventType "swiss"]
[EventRounds "9"]
[EventCountry "NOR"]
[Source "lmi"]
[SourceDate "2005.10.05"]

1. d4 Nf6 2. c4 e6 3. Nf3 b6 4. g3 Ba6 5. Qb3 c6 6. Bf4 d5 7. cxd5 cxd5 8. Nc3
Bc4 9. Qd1 Nc6 10. Bg2 Rc8 11. O-O Be7 12. Qa4 O-O 13. b3 b5 14. Qa6 b4 15.
bxc4 bxc3 16. c5 Ne4 17. Rfd1 g5 18. Be3 f5 19. Ne5 Nxe5 20. dxe5 Qd7 21. Bxe4
fxe4 22. Qa5 Qc7 23. Qxc3 Bxc5 24. Rac1 Bxe3 25. Qxe3 Qxe5 26. Rxc8 Rxc8 27.
Qxa7 e3 28. Qxe3 Qxe3 1/2-1/2

[Event "Gausdal Bygger'n Masters"]
[Site "Gausdal NOR"]
[Date "2005.10.09"]
[Round "9.22"]
[White "Dobrov, Vladimir"]
[Black "Burmakin, Vladimir"]
[Result "1/2-1/2"]
[WhiteElo "2515"]
[BlackElo "2508"]
[PlyCount "30"]
[EventDate "2005.10.01"]
[EventType "swiss"]
[EventRounds "9"]
[EventCountry "NOR"]
[Source "lmi"]
[SourceDate "2005.10.05"]

1. e4 c6 2. d4 d5 3. Nc3 dxe4 4. Nxe4 Bf5 5. Ng3 Bg6 6. Nf3 Nd7 7. h4 h6 8. h5
Bh7 9. Bd3 Bxd3 10. Qxd3 e6 11. Bf4 Qa5+ 12. Bd2 Qc7 13. O-O-O O-O-O 14. Ne4
Ngf6 15. g3 Nxe4 1/2-1/2

[Event "Gausdal Bygger'n Masters"]
[Site "Gausdal NOR"]
[Date "2005.10.09"]
[Round "9.23"]
[White "Tallaksen, Geir Sune"]
[Black "Silseth, Simon"]
[Result "1/2-1/2"]
[WhiteElo "2350"]
[BlackElo "2328"]
[PlyCount "135"]
[EventDate "2005.10.01"]
[EventType "swiss"]
[EventRounds "9"]
[EventCountry "NOR"]
[Source "lmi"]
[SourceDate "2005.10.05"]

1. d4 f5 2. c4 Nf6 3. Nf3 g6 4. g3 Bg7 5. Bg2 O-O 6. O-O d6 7. Nc3 c6 8. Rb1
Ne4 9. Nxe4 fxe4 10. Nd2 Bxd4 11. Nxe4 Bg7 12. Qb3 Qb6 13. Qd3 Nd7 14. Be3 Ne5
15. Qc2 Qa6 16. b3 Bf5 17. Rbd1 b5 18. cxb5 Qxb5 19. Qd2 a5 20. Bd4 Bxe4 21.
Bxe4 d5 22. Bg2 Nf7 23. Bxg7 Kxg7 24. e4 dxe4 25. Bxe4 Rac8 26. Rfe1 e5 27. Qc3
Qb4 28. Rc1 c5 29. Bd5 Qd4 30. Red1 Qxc3 31. Rxc3 Rfd8 32. Rcd3 Rc7 33. Bc4 Rd4
34. Re1 Nd6 35. Rde3 Nxc4 36. bxc4 Rxc4 37. Rxe5 Rc2 38. Re7+ Rxe7 39. Rxe7+
Kf6 40. Ra7 Rxa2 41. Rc7 Rc2 42. Ra7 Ke5 43. Rxa5 Kd4 44. Ra7 Re2 45. Rd7+ Kc3
46. Rxh7 c4 47. Kg2 Re6 48. Rc7 Rd6 49. Kf3 Kd3 50. Kf4 Rd5 51. Kg4 c3 52. f4
c2 53. Kh4 Kd2 54. g4 c1=Q 55. Rxc1 Kxc1 56. f5 gxf5 57. gxf5 Rxf5 58. Kg4 Rf1
59. h4 Kd2 60. h5 Ke3 61. h6 Ke4 62. Kg5 Ke5 63. h7 Rh1 64. Kg6 Ke6 65. Kg7
Rg1+ 66. Kf8 Rh1 67. Kg7 Rxh7+ 68. Kxh7 1/2-1/2